Nghề thư viện
Αποθηκεύτηκε σε:
| Κύριος συγγραφέας: | |
|---|---|
| Άλλοι συγγραφείς: | |
| Μορφή: | Βιβλίο |
| Έκδοση: |
Tp. Hồ Chí Minh
Tp. Hồ Chí Minh
1986
|
| Θέματα: | |
| Ετικέτες: |
Προσθήκη ετικέτας
Δεν υπάρχουν, Καταχωρήστε ετικέτα πρώτοι!
|
| Thư viện lưu trữ: | Trung tâm Học liệu Lê Vũ Hùng, Trường Đại học Đồng Tháp |
|---|
| LEADER | 00717pam a22002178a 4500 | ||
|---|---|---|---|
| 001 | 00037349 | ||
| 005 | 20180309090322.0 | ||
| 008 | 170511s1986 ||||||Viesd | ||
| 041 | 0 | # | |a Vie |
| 082 | 1 | 4 | |a 020.71 |b NGH250TH |
| 100 | 1 | # | |a Trần, Mai |
| 245 | 1 | 0 | |a Nghề thư viện |c Trần Mai;Trần Tất Thắng |
| 260 | # | # | |a Tp. Hồ Chí Minh |c 1986 |b Tp. Hồ Chí Minh |
| 300 | # | # | |a 147tr. |c 27cm. |
| 653 | # | # | |a Thư viện |
| 700 | 1 | # | |a Trần, Tất Thắng |
| 852 | # | # | |b Kho mượn |j KM.0022944 |
| 852 | # | # | |b Kho đọc |j KD.0022136 |
| 852 | # | # | |j KM.0022944 |j KD.0022136 |
| 910 | |d 11/05/2017 | ||
| 980 | # | # | |a Trung tâm Học liệu Lê Vũ Hùng, Trường Đại học Đồng Tháp |